000 07106namaa22004331i 4500
003 EG-GICUC
005 20260422103803.0
008 260406s2025 ua a|||frm||| 000 0 eng d
040 _aEG-GICUC
_beng
_cEG-GICUC
_dEG-GICUC
_erda
041 0 _aeng
_beng
_bara
049 _aDeposit
082 0 4 _a307.72
092 _a307.72
_221
097 _aM.Sc
099 _aCai01.07.22.M.Sc.2025.Sa.E
100 0 _aSamira Wafaa Mohamed Ahmed,
_epreparation.
245 1 0 _aEconomic Empowerment of Rural Women: The Effects of Income- Generating Activities on Livelihoods in Kafr El-Sheik Governorate /
_cby Samira Wafaa Mohamed Ahmed ; Supervisors: Dr. Azza Tohamy El-Bendary, Dr. Salwa Mahmoud Ismail.
246 1 5 _aالتمكين الاقتصادى للمرأة الريفية: تأثير الأنشطة المدرة للدخل على سبل العيش فى محافظة كفر الشيخ
264 0 _c2025.
300 _a123 pages :
_billustrations ;
_c25 cm. +
_eCD.
336 _atext
_2rda content
337 _aUnmediated
_2rdamedia
338 _avolume
_2rdacarrier
502 _aThesis (M.Sc)-Cairo University, 2025.
504 _aBibliography: pages 112 -123.
520 3 _aEconomic empowerment of rural women is crucial for improving household livelihoods, especially in villages vulnerable to poverty and food insecurity. This study investigates the factors influencing the economic empowerment of rural women in three isolated villages in newly reclaimed lands over 15-20 years in the Kafr El-Sheikh Governorate, Egypt. The research aims to explore how IGAs influence rural women and enhance overall household livelihoods in these communities. The study employed a quantitative research methodology, focusing on three villages: Ibrahim El-Desouky, El- Sayed El-Badawy, and Sidi Talha. Additionally, A qualitative approach was utilized to highlight a single case study, a successful woman's story from one of the villages within the study area. Three villages are characterized by poverty and limited access to services. The preparatory phase included field visits and personal interviews with community leaders. The study used a cluster sampling technique to ensure the inclusion of women from different socio-economic backgrounds in the three selected villages Data were collected using a structured questionnaire and personal interviews with 200 women in IGAs, randomly chosen to ensure representativeness. The sample was distributed across the villages, comprising 55, 105, and 40 women from Ibrahim El-Desouky, El-Sayed El- Badawy, and Sidi Talha, respectively. Data collection occurred in January and February 2023. The findings reveal that the degree of economic empowerment of women was positively correlated with age, education status for her and her husband, experience, and economic status. Negative correlations were found for family size. Moreover, 50% of the variance in the degree of economic empowerment could be explained by the variances in the studied independent variables. Findings also revealed that there was a significant difference in the degree of household livelihood before and after the respondents engaging in IGAs. Finally, the degree of household livelihood after respondents engaged in IGAs was positively correlated with age, education of her and her husband, experience, women's economic status, number of hours per day, and economic empowerment degree. A negative correlation was observed for the family size. Only six variables (respondents’ economic status, respondents’ economic empowerment, respondents’ education status, family size, permanent job, and husband’s economic status) were concluded as significant predictors and explained 56.4% of the degree of livelihood after they engaging in IGAs. This study presents a qualitative analysis of a rural woman who through establishing an income- generating activity empowered herself economically and improved her household livelihood.
520 3 _aتبحث هذه الدراسة في العوامل المؤثرة على التمكين الاقتصادي للمرأة الريفية في ثلاث قرى معزولة في محافظة كفر الشيخ. ويهدف البحث إلى استكشاف تأثير الأنشطة المدرة للدخل على المرأة الريفية وتوفير سبل عيش الأسر بشكل عام. تم استخدام نهج بحثي وصفى وكمي، لثلاث قرى إبراهيم الدسوقي، والسيد البدوي. وسيدي طلحة، تتميز بالفقر والوصول إلى المحدود إلى الخدمات استخدمت الدراسة أسلوب أخذ العينات العنقودية لضمان إدرج النساء من خلفيات اجتماعية واقتصادية مختلفة في القرى المختارة. تم جمع البيانات باستخدام استبيان منظم ومقابلات شخصية مع 200 امرأة في الأنشطة المدرة للدخل، تم اختيار من عشوائي لضمان التمثيل تكشف النتائج أن درجة التمكين الاقتصادي للمستجيبات كانت مرتبطة بشكل إيجابي بالعمر والحالة التعليمية لها ولزوجها حسابات والوضع الاقتصادي للمستجيبات. كما تم العثور على ارتباط سلبي لحجم الأسرة. يحدث ذلك، ويمكن تفسير 50٪ من التباين في درجة التمكين الاقتصادي للمستجيبات من خلال التباينات المستقلة المدروسة. كما كشفت النتائج عن وجود فرق كبير في درجة الأسرة المتحركة قبل وبعد المشاركة في الأنشطة الاقتصادية المدرة للدخل، وأخيرا، كانت درجة الأسرة المتحركة مرتبطة بشكل إيجابي بالسن وتعليمها وتعليم زوجها حسابات والوضع الاقتصادي للمرأة ودرجة التمكين الاقتصادي للمستجيبات. كما يحدث وجود ارتباط سلبي لحجم الأسرة. تم العثور على ستة متغيرات فقط في تفسير 56.4٪ من التباين الحادث في درجة المعيشة بعد الانخراط في أنشطة المدرة للدخل
530 _aIssues also as CD.
546 _aText in English and abstract in Arabic & English.
650 0 _aRural Sociology
650 0 _aالاجتماع الريفى
653 1 _aEconomic empowerment
_arural women
_alivelihoods
_aKafr El-Shiekh
700 0 _aAzza Tohamy El-Bendary
_ethesis advisor.
700 0 _aSalwa Mahmoud Ismail
_ethesis advisor.
900 _b01-01-2025
_cAzza Tohamy El-Bendary
_cSalwa Mahmoud Ismail
_dMazen Mohamed Barakat
_dMohamed Helmy Nawar
_UCairo University
_FFaculty of Agriculture
_DDepartment of Rural Sociology and Agriculture Extension
905 _aShimaa
_eEman Ghareb
942 _2ddc
_cTH
_e21
_n0
999 _c179235